| 000 | 00941nam a22002657a 4500 | ||
|---|---|---|---|
| 999 |
_c19933 _d19933 |
||
| 003 | AR-CdUCM | ||
| 008 | 190523b ||||| |||| 00| 0 spa d | ||
| 040 |
_aMUNICIPALIDAD PROVINCIAL DEL CUSCO _cBIBLIOTECA MUNICIPAL DEL CUSCO |
||
| 082 |
_a618.92 / _bG26 |
||
| 100 |
_aGutierrez Olaya, Victor _941667 |
||
| 245 | _aNiños excepcionales diagnostico y tratamiento / | ||
| 260 |
_aLima : _bCecade, _c1988. |
||
| 300 |
_a598 páginas ; _c25 cm. |
||
| 505 | _aContenido : Etimología de las deficiencias visuales -- Trastornos oculomotores -- Deficiencias auditivas... | ||
| 650 |
_aDeficiencias en niños _941668 |
||
| 650 |
_aRetardo mental _941669 |
||
| 650 |
_aNiños superdotados _941670 |
||
| 700 |
_aCols _941671 |
||
| 700 |
_aVidal Soldevilla, Javier _941672 |
||
| 700 |
_aSoto Quiroga, Maria _941673 |
||
| 700 |
_aSeminario Palacios, Lina _941674 |
||
| 700 |
_aGuerrero Kato, Ana _941675 |
||
| 942 |
_2ddc _cLIBROS |
||
| 945 | _arcc | ||